Transfer of radionuclides K-40, Th-232 and Ra-226 from mining soil to sawi (Japanese Mustard) /
Saved in:
| Main Author: | |
|---|---|
| Format: | Thesis Book |
| Language: | English |
| Published: |
2007.
|
| Subjects: | |
| Tags: |
Add Tag
No Tags, Be the first to tag this record!
|
| LEADER | 01033cam a2200277 a 4500 | ||
|---|---|---|---|
| 001 | u764706 | ||
| 003 | SIRSI | ||
| 005 | 200901301020 | ||
| 008 | 090130s2007 my t 000 0 eng m | ||
| 040 | |a UMM | ||
| 043 | |a a-my--- | ||
| 090 | |a QC3 |b UM 2007 Mut | ||
| 100 | 1 | |a Muthu, Hariandra. | |
| 245 | 1 | 0 | |a Transfer of radionuclides K-40, Th-232 and Ra-226 from mining soil to sawi (Japanese Mustard) / |c Hariandra Muthu. |
| 260 | |c 2007. | ||
| 300 | |a iv, 52 leaves : |b ill. ; |c 30 cm. | ||
| 502 | |a Dissertation (M.Sc.) -- Jabatan Fizik, Fakulti Sains, Universiti Malaya, 2008. | ||
| 504 | |a Bibliography: leaves [51]-52. | ||
| 650 | 0 | |a Radioisotopes |x Migration |x Environmental aspects |z Malaysia. | |
| 650 | 0 | |a Radioisotopes in agriculture |x Research |z Malaysia. | |
| 650 | 0 | |a Soils |x Effect of radiation on. | |
| 650 | 0 | |a Radioisotopes |x Decay. | |
| 710 | 2 | |a Universiti Malaya. |b Jabatan Fizik. | |
| 596 | |a 1 | ||
| 900 | |a ND-ZA | ||
| 999 | |a QC3 UM 2007 MUT |w LC |c 1 |i A513443893 |d 19/1/2010 |f 19/1/2010 |g 1 |l STACKS |m P01UTAMA |r Y |s Y |t TESIS |u 15/1/2010 | ||
